Glimpses into the corridors of power / (Record no. 158342)

MARC details
000 -LEADER
fixed length control field 00655nam a22001937a 4500
005 - DATE AND TIME OF LATEST TRANSACTION
control field 20181025152301.0
010 ## - LCCN (DPL NO)
LC control number B-710709
020 ## - INTERNATIONAL STANDARD BOOK NUMBER
International Standard Book Number 9780195473544
Terms of availability 595.00
035 ## - SYSTEM CONTROL NUMBER
System control number B-701709
037 ## - SOURCE OF ACQUISITION
Source of stock number/acquisition Pulisher
Stock number dpl
082 ## - DEWEY DECIMAL CLASSIFICATION NUMBER
Classification number 954.9105092
100 ## - MAIN ENTRY--PERSONAL NAME
Personal name Khan, Gohar Ayub,
245 ## - TITLE STATEMENT
Title Glimpses into the corridors of power /
Statement of responsibility, etc by Gohar Ayub Khan
260 ## - PUBLICATION, DISTRIBUTION, ETC. (IMPRINT)
Place of publication, distribution, etc New Delhi
Name of publisher, distributor, etc Oxford University Press
Date of publication, distribution, etc 2007
270 ## - ADDRESS
Address Ameena Saiyi, Oxford University Press
City Karachi
Postal code 74900
300 ## - PHYSICAL DESCRIPTION
Extent viii, 354p. :
Dimensions 24cm (Hb)
Other physical details photos
942 ## - ADDED ENTRY ELEMENTS (KOHA)
Source of classification or shelving scheme Dewey Decimal Classification
Item type English Books
Classification part 954.9105092
Call number suffix KHA
Holdings
Withdrawn status Lost status Not for loan Collection code Home library Current library Date acquired Source of acquisition Cost, normal purchase price Full call number Barcode Copy number Cost, replacement price Koha item type
      Non-fiction Ashok Vihar Ashok Vihar 27/10/2018 Gift/16-10-2018 595.00 954.9105092 KHA B-710709 1 595.00 English Books

© Delhi Public Library
Hit Counter
free hit counter